Modern Physics (Record no. 12112)

000 -LEADER
fixed length control field 00432nam a22001697a 4500
020 ## - INTERNATIONAL STANDARD BOOK NUMBER
International Standard Book Number 9781429295901
082 ## - DEWEY DECIMAL CLASSIFICATION NUMBER
Classification number 530
100 ## - MAIN ENTRY--PERSONAL NAME
Personal name Tipler, Paul A.
245 ## - TITLE STATEMENT
Title Modern Physics
250 ## - EDITION STATEMENT
Edition statement 6th ed.
260 ## - PUBLICATION, DISTRIBUTION, ETC.
Place of publication, distribution, etc. New York
Name of publisher, distributor, etc. W.J. Freeman and Company
300 ## - PHYSICAL DESCRIPTION
Extent xv, 702 (various pages).
Other physical details ill. ;
500 ## - GENERAL NOTE
General note Includes bibliographical references and index
650 ## - SUBJECT ADDED ENTRY--TOPICAL TERM
Topical term or geographic name entry element Physics.
700 ## - ADDED ENTRY--PERSONAL NAME
Personal name Llewellyn, Ralph A.
942 ## - ADDED ENTRY ELEMENTS (KOHA)
Koha item type Book
Holdings
Withdrawn status Lost status Damaged status Not for loan Collection code Permanent Location Current Location Shelving location Date acquired Source of acquisition Cost, normal purchase price Total Checkouts Total Renewals Full call number Barcode Checked out Date last seen Date last checked out Price effective from Koha item type
          Central Library (CL) Central Library (CL) General Stacks 07/03/2013 Allied Book Company 7896.83 11 7 530 TIP SEECS012518 12/11/2025 11/11/2025 11/11/2025 07/18/2013 Book
© 2023 Central Library, National University of Sciences and Technology. All Rights Reserved.